| 000 | 00400nam a22001697a 4500 | ||
|---|---|---|---|
| 005 | 20160524121155.0 | ||
| 008 | 160524b xxu||||| |||| 00| 0 eng d | ||
| 020 | _a81-203-1964-8 | ||
| 041 | _aeng | ||
| 082 | _b4587 | ||
| 100 |
_aSwini Uasan, R. _91133 |
||
| 245 | _aStrategic Management | ||
| 260 |
_aNew Delhi _bAcademic Faundation |
||
| 300 | _a219 | ||
| 650 |
_aManagement _9241 |
||
| 942 | _cBK | ||
| 999 |
_c1539 _d1538 |
||